00532nam a2200157 i 450000100060000000300090000600500170001500700030003200800410003524501590007626000500023530000220028571000250030785200210033285200210035346445ES-MaACL20230906161402.0t|030328s1935 sp ||||1| cat d00aConferències sobre la Universitat de Barcelona / corganitzades per l'Associació Professional d'Estudiants de Drot i donades en l'Ateneu Barcelonès. aBarcelona : b[s.n., c1935] (fImp. Altés) a204 p. ; c23 cm.2 aAteneu Barcelonès. aES-MaACLjA-4139 aES-MaACLjA-3978